<?xml version="1.0" encoding="UTF-8"?>
<record
    xmlns:xsi="http://www.w3.org/2001/XMLSchema-instance"
    xsi:schemaLocation="http://www.loc.gov/MARC21/slim http://www.loc.gov/standards/marcxml/schema/MARC21slim.xsd"
    xmlns="http://www.loc.gov/MARC21/slim">

  <leader>     nam a22     7a 4500</leader>
  <datafield tag="999" ind1=" " ind2=" ">
    <subfield code="c">47157</subfield>
    <subfield code="d">47157</subfield>
  </datafield>
  <controlfield tag="003">OSt</controlfield>
  <controlfield tag="005">20190504135945.0</controlfield>
  <controlfield tag="008">190504b        xxu||||| |||| 00| 0 eng d</controlfield>
  <datafield tag="040" ind1=" " ind2=" ">
    <subfield code="c">IIMT COLLEGE OF ENGINEERING,GREATER NOIDA</subfield>
  </datafield>
  <datafield tag="100" ind1=" " ind2=" ">
    <subfield code="a">JINDAL,U.C.</subfield>
  </datafield>
  <datafield tag="245" ind1=" " ind2=" ">
    <subfield code="a">FUNDAMENTAL OF ENGINEERING MECHANICS</subfield>
  </datafield>
  <datafield tag="260" ind1=" " ind2=" ">
    <subfield code="a">NEW DELHI</subfield>
    <subfield code="b">ARIHANT</subfield>
    <subfield code="c">2010</subfield>
  </datafield>
  <datafield tag="300" ind1=" " ind2=" ">
    <subfield code="a">735</subfield>
  </datafield>
  <datafield tag="942" ind1=" " ind2=" ">
    <subfield code="2">ddc</subfield>
    <subfield code="c">02</subfield>
  </datafield>
  <datafield tag="952" ind1=" " ind2=" ">
    <subfield code="0">0</subfield>
    <subfield code="1">0</subfield>
    <subfield code="2">ddc</subfield>
    <subfield code="4">0</subfield>
    <subfield code="7">0</subfield>
    <subfield code="a">23</subfield>
    <subfield code="b">23</subfield>
    <subfield code="d">2019-05-04</subfield>
    <subfield code="e">KIRTI</subfield>
    <subfield code="g">350.00</subfield>
    <subfield code="i">IN69/02/05/2013</subfield>
    <subfield code="l">0</subfield>
    <subfield code="p">23-B-279</subfield>
    <subfield code="r">2019-05-04</subfield>
    <subfield code="w">2019-05-04</subfield>
    <subfield code="y">02</subfield>
  </datafield>
  <datafield tag="952" ind1=" " ind2=" ">
    <subfield code="0">0</subfield>
    <subfield code="1">0</subfield>
    <subfield code="2">ddc</subfield>
    <subfield code="4">0</subfield>
    <subfield code="7">0</subfield>
    <subfield code="a">23</subfield>
    <subfield code="b">23</subfield>
    <subfield code="d">2019-05-04</subfield>
    <subfield code="e">KIRTI</subfield>
    <subfield code="g">350.00</subfield>
    <subfield code="i">IN69/02/05/2013</subfield>
    <subfield code="l">0</subfield>
    <subfield code="p">23-B-280</subfield>
    <subfield code="r">2019-05-04</subfield>
    <subfield code="w">2019-05-04</subfield>
    <subfield code="y">02</subfield>
  </datafield>
  <datafield tag="952" ind1=" " ind2=" ">
    <subfield code="0">0</subfield>
    <subfield code="1">0</subfield>
    <subfield code="2">ddc</subfield>
    <subfield code="4">0</subfield>
    <subfield code="7">0</subfield>
    <subfield code="a">23</subfield>
    <subfield code="b">23</subfield>
    <subfield code="d">2019-05-04</subfield>
    <subfield code="e">KIRTI</subfield>
    <subfield code="g">350.00</subfield>
    <subfield code="i">IN69/02/05/2013</subfield>
    <subfield code="l">0</subfield>
    <subfield code="p">23-B-281</subfield>
    <subfield code="r">2019-05-04</subfield>
    <subfield code="w">2019-05-04</subfield>
    <subfield code="y">02</subfield>
  </datafield>
  <datafield tag="952" ind1=" " ind2=" ">
    <subfield code="0">0</subfield>
    <subfield code="1">0</subfield>
    <subfield code="2">ddc</subfield>
    <subfield code="4">0</subfield>
    <subfield code="7">0</subfield>
    <subfield code="a">23</subfield>
    <subfield code="b">23</subfield>
    <subfield code="d">2019-05-04</subfield>
    <subfield code="e">KIRTI</subfield>
    <subfield code="g">350.00</subfield>
    <subfield code="i">IN69/02/05/2013</subfield>
    <subfield code="l">0</subfield>
    <subfield code="p">23-B-282</subfield>
    <subfield code="r">2019-05-04</subfield>
    <subfield code="w">2019-05-04</subfield>
    <subfield code="y">02</subfield>
  </datafield>
  <datafield tag="952" ind1=" " ind2=" ">
    <subfield code="0">0</subfield>
    <subfield code="1">0</subfield>
    <subfield code="2">ddc</subfield>
    <subfield code="4">0</subfield>
    <subfield code="7">0</subfield>
    <subfield code="a">23</subfield>
    <subfield code="b">23</subfield>
    <subfield code="d">2019-05-04</subfield>
    <subfield code="e">KIRTI</subfield>
    <subfield code="g">350.00</subfield>
    <subfield code="i">IN69/02/05/2013</subfield>
    <subfield code="l">0</subfield>
    <subfield code="p">23-B-283</subfield>
    <subfield code="r">2019-05-04</subfield>
    <subfield code="w">2019-05-04</subfield>
    <subfield code="y">02</subfield>
  </datafield>
  <datafield tag="952" ind1=" " ind2=" ">
    <subfield code="0">0</subfield>
    <subfield code="1">0</subfield>
    <subfield code="2">ddc</subfield>
    <subfield code="4">0</subfield>
    <subfield code="7">0</subfield>
    <subfield code="a">23</subfield>
    <subfield code="b">23</subfield>
    <subfield code="d">2019-05-04</subfield>
    <subfield code="e">KIRTI</subfield>
    <subfield code="g">350.00</subfield>
    <subfield code="i">IN69/02/05/2013</subfield>
    <subfield code="l">0</subfield>
    <subfield code="p">23-B-284</subfield>
    <subfield code="r">2019-05-04</subfield>
    <subfield code="w">2019-05-04</subfield>
    <subfield code="y">02</subfield>
  </datafield>
  <datafield tag="952" ind1=" " ind2=" ">
    <subfield code="0">0</subfield>
    <subfield code="1">0</subfield>
    <subfield code="2">ddc</subfield>
    <subfield code="4">0</subfield>
    <subfield code="7">0</subfield>
    <subfield code="a">23</subfield>
    <subfield code="b">23</subfield>
    <subfield code="d">2019-05-04</subfield>
    <subfield code="e">KIRTI</subfield>
    <subfield code="g">350.00</subfield>
    <subfield code="i">IN69/02/05/2013</subfield>
    <subfield code="l">0</subfield>
    <subfield code="p">23-B-285</subfield>
    <subfield code="r">2019-05-04</subfield>
    <subfield code="w">2019-05-04</subfield>
    <subfield code="y">02</subfield>
  </datafield>
</record>
